000 00463nam a2200181Ia 4500
001 25147
005 20260414151130.0
008 260414t2017||||xx |||||||||||||| ||spa||
041 _aESP
082 _a346.22
_bA42
100 _aAguilar LLanos, Benjamín
_eAUT
245 0 _aAlimentos y tutela del menor en la jurisprudencia peruana
_b
260 _c2017
300 _a479 páginas :
_c25 cm.
650 _aDER
654 _aCDE
942 _cLIB
_dJUS
_fJUS
_2ddc
_n
999 _c25147
_d25147